Bathroom Songs : Eve Kosofsky Sedgwick as a Poet /

Bathroom Songs: Eve Kosofsky Sedgwick as a Poet is the first book of essays to consider the poetry of one of the twentieth- and early twenty-first-century's most important literary, affect, and queer theorists. Acclaimed as one of the "truly innovative" poets of her generation by Maud...

Full description

Bibliographic Details
Corporate Author: JSTOR (Organization)
Other Authors: Edwards, Jason, 1971-
Format: eBook
Language:Undetermined
Language Notes:English.
Published: [Place of publication not identified] Punctum Books, 2017.
Subjects:
Online Access:Connect to the full text of this electronic book

MARC

Tag First Indicator Second Indicator Subfields
LEADER 00000cam a2200000Mu 4500
001 in00004635259
006 m o d
007 cr |n|||||||||
008 180310s2017 xx o 000 0 und d
005 20230103223426.4
010 |a  2017957440 
035 |a (OCoLC)on1048189638 
040 |a VT2  |b eng  |c VT2  |d WYU  |d OCLCQ  |d OAPEN  |d P@U  |d UAB  |d SFB  |d SNU  |d OCLCO  |d DIPCC  |d UKKNU  |d OCLCF  |d OIP  |d OCLCO  |d OCLCQ  |d YDX  |d OCLCO  |d JSTOR 
019 |a 1096934092  |a 1147290604  |a 1154955606  |a 1159388002  |a 1224923324  |a 1235842328  |a 1290619576 
020 |a 9781947447301  |q (electronic bk.) 
020 |a 1947447300  |q (electronic bk.) 
020 |a 1947447319  |q (electronic bk.) 
020 |a 9781947447318  |q (electronic bk.) 
024 7 |a 10.21983/P3.0189.1.00  |2 doi 
024 3 |a 9781947447301 
035 |a (OCoLC)1048189638  |z (OCoLC)1096934092  |z (OCoLC)1147290604  |z (OCoLC)1154955606  |z (OCoLC)1159388002  |z (OCoLC)1224923324  |z (OCoLC)1235842328  |z (OCoLC)1290619576 
037 |b 01607001 
037 |a 22573/ctv2rrqs9j  |b JSTOR 
050 4 |a PS3569.E316 
072 7 |a DSBH  |2 bicssc 
082 0 4 |a 811.5409  |2 23/eng/20220725 
049 |a TXAM 
245 0 0 |a Bathroom Songs :  |b Eve Kosofsky Sedgwick as a Poet /  |c Jason Edwards (ed.) [and others]. 
260 |a [Place of publication not identified]  |b Punctum Books,  |c 2017. 
300 |a 1 online resource 
336 |a text  |b txt  |2 rdacontent 
337 |a computer  |b c  |2 rdamedia 
338 |a online resource  |b cr  |2 rdacarrier 
500 |a Title from content provider. 
520 |a Bathroom Songs: Eve Kosofsky Sedgwick as a Poet is the first book of essays to consider the poetry of one of the twentieth- and early twenty-first-century's most important literary, affect, and queer theorists. Acclaimed as one of the "truly innovative" poets of her generation by Maud Ellmann, Sedgwick's work as a poet is, perhaps, less well known, but is no less compelling than her ground-breaking trilogy of queer theoretical texts: Between Men: English Literature and Male Homosocial Desire, Epistemology of the Closet, and Tendencies. 
546 |a English. 
600 1 0 |a Sedgwick, Eve Kosofsky. 
600 1 7 |a Sedgwick, Eve Kosofsky  |2 fast  |0 (OCoLC)fst00049602 
650 0 |a Homosexuality in literature. 
650 0 |a American poetry. 
650 6 |a Homosexualité dans la littérature. 
650 6 |a Poésie américaine. 
650 7 |a Literary studies: from c 1900 -  |2 bicssc 
650 7 |a Literary Criticism / Modern / 20th Century.  |2 bisacsh 
650 7 |a American poetry  |2 fast  |0 (OCoLC)fst00807348 
650 7 |a Homosexuality in literature  |2 fast  |0 (OCoLC)fst00959825 
653 |a literary studies, queer studies, Eve Kosofsky Sedgwick, psychoanalysis, autobiography 
655 7 |a Electronic books.  |2 local 
655 0 |a Electronic book. 
700 1 |a Edwards, Jason,  |d 1971- 
710 2 |a JSTOR (Organization) 
776 0 8 |i Print version:  |z 1947447300 
856 4 0 |u https://www.jstor.org/stable/10.2307/j.ctv2rsfd1x  |z Connect to the full text of this electronic book  |t 0 
955 |a JSTOR Open Access ebooks 
994 |a 92  |b TXA 
999 f f |s 344bbd41-c12a-43ac-9dba-04dbe83bfc59  |i c86d4b67-0924-4110-a239-015f106904e6  |t 0 
952 f f |a Texas A&M University  |b College Station  |c Electronic Resources  |d Available Online  |t 0  |e PS3569.E316   |h Library of Congress classification 
998 f f |a PS3569.E316   |t 0  |l Available Online